000 00573cam a22002053a 4500
001 40489
003 PGUSA
005 20140828083914.0
008 120812s2012||||xxu|||||s|||||000 | eng d
040 _aPGUSA
_beng
042 _adc
100 1 _aDurkheim, Emile
245 1 0 _aLe Suicide :
_bEtude de Sociologie
_h[electronic resource] /
_cEmile Durkheim
260 _bProject Gutenberg,
_c2012
506 _aPublic domain in the USA.
516 _aElectronic text
830 0 _aProject Gutenberg
_v40489
856 4 0 _uhttp://www.gutenberg.org/ebooks/40489
942 _cEB
999 _c269742
_d269742